Statistics for Famous People from Maryland by Picture

Click here to take the quiz!

General Stats

  • This quiz has been taken 13,397 times
    (6,893 since last reset)
  • The average score is 10 of 20

Answer Stats

Answer% Correct
Babe Ruth
85%
Michael Phelps
85%
Nancy Pelosi
73%
Edgar Allan Poe
71%
Harriet Tubman
63%
Edward Norton
61%
Dave Chappelle
60%
Frederick Douglass
58%
Jim Henson
57%
Julia Louis-Dreyfus
54%
Goldie Hawn
48%
Frank Zappa
45%
Tom Clancy
41%
Wanda Sykes
41%
William H. Macy
41%
Cal Ripken, Jr.
38%
Kathie Lee Gifford
34%
Billie Holiday
32%
Connie Chung
32%
John Waters
24%

Score Distribution

Percentile by Number Answered

Percent of People with Each Score

Your Score History

You have not taken this quiz since the last reset